Cette année-là 1808 - Statistiques

Statistiques générales
  • Ce quiz a été pris 26 fois
  • Le résultat moyen est 4 sur 10
Statistiques - réponses
Indices réponses % Correct
17 mars: Création de cet examen qui n'a pas fini d'exister. Baccalauréat
100%
2 mai: Soulèvement dans cette capitale contre la France qui marque le début d'une terrible guerre... Madrid
77%
4 juin: Frère de l'empereur, je laisse Naples à Murat et devient Roi d'un autre royaume Bourbon, l'Espagne... Joseph Bonaparte
64%
2 décembre: Napoléon signe un décret qui supprime cette institution religieuse en Espagne Inquisition
55%
1er août: Futur vainqueur de l'Aigle, je débarque au Portugal pour le combattre dans la péninsule. Arthur Wellesley
50%
30 avril: L'ensemble du gouvernement et de la famille royale espagnols doivent renoncer à leur pouvoir lors de l'... entrevue de Bayonne
23%
27 septembre: Rencontre entre l'empereur et le Tsar, refroidissement des relations entre ces deux pays. Entrevue d'Erfurt
23%
19 juillet: Terrible défaite de la France en Espagne, nos ennemis jubilent. Bataille de Bailen
18%
1er mars: Cette distinction rappelant l'Ancien régime est remise par l'Empereur Noblesse d'empire
18%
7 mars: Je suis nommé grand-maître de l'université Louis de Fontanes
5%
Aucun quiz correspondant
Distribution des résultats
% des personnes avec chaque résultat
Percentile par nombre de réponses
Votre historique - résultats
Vous n’avez pas pris ce quiz